De la divinité du pharaon /

محفوظ في:

المؤلف الرئيسي: Posener, Georges (مؤلف)

التنسيق: كتاب

اللغة: English

منشور في: Paris : Imprimer nationale, 1960.

سلاسل: Cahiers de la Société asiatique ; 15.

الموضوعات:

الوسوم: إضافة وسم

لا توجد وسوم, كن أول من يضع وسما على هذه التسجيلة!

رقم الطلب: BL2450 .G6 P6X 1960

LEADER 00715namaa2200253 4500
001 4476
003 OSt
005 20251006091903.0
008 130303s1960 fr b 000 0 eng d
010 |a 63000395 
035 |a ocm01654560 
040 |c ARCE Library 
050 4 |a BL2450 .G6 P6X 1960 
100 1 |a Posener, Georges,  |e author 
245 1 3 |a De la divinité du pharaon /  |c Georges Posener. 
264 1 |a Paris :  |b Imprimer nationale,  |c 1960. 
300 |a xv, 106 pages ;  |c 23 cm. 
490 0 |a Cahiers de la Société asiatique ;  |v 15. 
504 |a Includes bibliographical references. 
650 0 |a God (Egyptian religion) 
651 0 |a Egypt  |x Religion. 
901 |a reviewed 
942 |c BK  |2 lcc 
999 |c 3244  |d 3244